| 000 | 00000nas##2200000za#4500 |
| 001 | 9.514330 |
| 003 | CaOODSP |
| 005 | 20210615082849 |
| 007 | ta |
| 008 | 150406c1997||||xxc|| p #||||f| |0eng|d |
| 040 | |aCaOODSP|beng |
| 043 | |an-cn--- |
| 086 | 1 |aT34-14-1E |
| 110 | 1 |aCanada.|bDepartment of Fisheries and Oceans. |bCanadian Coast Guard. |
| 245 | 10|aNotices to mariners publication. Eastern edition / |cPublished by the Maritime Services Directorate, Aids to Navigation. |
| 260 | |aOttawa - Ontario : |bFisheries and Oceans Canada. |
| 310 | |aMonthly |
| 362 | 1 |aVol. 22, No. 6, June 27, 1997 - Vol. 35, No. 4, April 30, 2010 |
| 520 | 3 |aInforms mariners of changes to the aids to navigation system in Eastern Canada. Contains safety and general information; chart corrections; radio aids to marine navigation corrections; sailing directions and small craft guide corrections; and light list corrections. |
| 563 | |aProcessed |
| 690 | 07|aAtlantic provinces|2gcpds |
| 690 | 07|aNavigation systems|2gcpds |
| 690 | 07|aMarine safety|2gcpds |
| 775 | 08|tPublication des avis aux navigateurs. Édition de l'Est / |w(CaOODSP)9.512755 |
| 776 | 0#|tNotices to mariners. |w(CaOODSP)9.506408 |
| 776 | 0#|tEastern edition of notices to mariners |w(CaOODSP)9.506485 |
| 776 | 0#|tNotices to mariners publication. |w(CaOODSP)9.505100 |